Contabilidad para la inflación : (Registro nro. 12929)

Detalles MARC
000 -LIDER
fixed length control field 00904nam a22002537a 4500
003 - IDENTIFICACDOR DE NÚMERO DE CONTROL
control field DO-SdBNP
005 - DATE AND TIME OF LATEST TRANSACTION
control field 20171129133439.0
008 - ELEMENTOS DE LONGITUD FIJA
fixed length control field 171117b 1978 sp ||||| |||| 00| 0 spa d
020 ## - ISBN
International Standard Book Number 9682600073
040 ## - FUENTE DE CATALOGACIÓN
Agencia que crea de manera original el registro BPMSU
Idioma de catalogación spa
Agencia que realiza la transcripción BPMSU
092 ## - LOCALLY ASSIGNED DEWEY DECIMAL CALL NUMBER
Número de clasificación xxxx
Número de ítem (Cutter) xxxx
100 1# - ASIENTO PRINCIPAL -- NOMBRE PERSONAL
Nombre personal Davidson, Sidney
240 10 - TITULO UNIFORME
Título uniforme Inflation accounting : a guide for the accountant and the financial analyst.
245 ## - MENCIÓN DE TITULO
Título Contabilidad para la inflación :
Subtítulo guía para el contador y analista financiero
Mención de responsabilidad Sidney Davidson; Clyde P Stickney; Roman L Weil ; traducido por Alfonso Vasseur Walls.
250 ## - MENCIÓN DE EDICION
Mención de edición 2a ed.
260 ## - PUBLICACIÓN, DISTRIBUCIÓN, ETC. (PIE DE IMPRENTA)
Lugar de publicación, distribución, etc México :
Nombre del editor, distribuidor, etc. CECSA,
Fecha de publicación, distribución, etc 1978.
300 ## - DESCRIPCIÓN FÍSICA
Extensión 272 p. ;
Dimensiones 22 cm.
700 1# - ASIENTO SECUNDARIO -- NOMBRE PERSONAL
Nombre personal Stickney, Clyde P
700 1# - ASIENTO SECUNDARIO -- NOMBRE PERSONAL
Nombre personal Weil, Roman L
700 1# - ASIENTO SECUNDARIO -- NOMBRE PERSONAL
Nombre personal Vasseur Walls, Alfonso ,
Mención de responsabilidad tr.
942 ## - ADDED ENTRY ELEMENTS (KOHA)
Source of classification or shelving scheme Dewey Decimal Classification
Koha item type Libros
945 ## - INFORMACIÓN DE PROCESAMIENTO LOCAL
Información de procesamiento local Inventariado extranjero / 2017 BT
956 ## - LOCAL ELECTRONIC LOCATION AND ACCESS (OCLC)
Nombre de host LOPEREZ
Número de acceso 10
Información de compresión 20171117
Procesador de solicitud 0041
Instrucción BPMSU
Existencias
Withdrawn status Lost status Source of classification or shelving scheme Damaged status Not for loan Collection code Home library Current library Date acquired Source of acquisition Total Checkouts Barcode Date last seen Price effective from Koha item type
    Dewey Decimal Classification     Colección General Biblioteca Pública Metropolitana Salomé Ureña Biblioteca Pública Metropolitana Salomé Ureña 11/17/2017 Diego Montan   BPMSU17110237 11/17/2017 11/17/2017 Libros